000 00341nam a2200169Ia 4500
100 _aKulkarni/Vivek
650 _aComputation
942 _cBK
366 _f25
654 _acomputation
245 _aTheory of Computation
260 _bOxford
_c2013
082 _bKUL
300 _a873
546 _aENGLISH
_cComputers
999 _c27649
_d27649